000 00538cam a22002171 4500
001 sa 66002214
003 DLC
005 20260227112227.0
008 881109s1964 xx 000 0 tamo
010 _asa 66002214
035 _a(OCoLC)23553783
040 _aDLC
_cMiU
_dDLC
042 _apremarc
050 0 0 _aPL4758.2
_b.P25
100 1 _aPal̲aniyappan̲, Cāmi,
_d1926-
245 1 0 _aKātal neñcam.
260 _c[1964]
300 _a134 p.
_c18 cm.
500 _aRomanized.
650 0 _aTamil poetry
_xHistory and criticism.
999 _c68221
_d68221